00725nam a2200241Ia 4500003000900000005001700009008004100026040001300067040001300080041000800093100002600101245003600127250001200163260001700175260000900192300001100201300001000212490000600222600003000228942001200258999001700270952019600287IT-RoPAU20220918175850.0120407s9999 xx 000 0 und d aIT-RoPAU cIT-RoPAU aita aJean Danielou 935366 aSaggio sul mistero della storia aBrescia aMorcelliana  c1957 a386 p. c22 cm v1 a1 Storia-teologia 936132 cBK2ddc c33862d33862 00102ddc406270_28000000000000071aPAULUSbPAULUSd2012-04-11l0o270.28r2012-04-11 00:00:00w2012-04-11yBKzInserito da: Mario In data: 06 agosto 2011 fondo: Via A.Severo 56 Progr:31676